Manual de bacteriología para estudiantes y médicos / (Record no. 33518)

MARC details
000 -LEADER
campo de control de longitud fija 00556nam a2200157 i 4500
001 - NÚMERO DE CONTROL
campo de control 33518
003 - IDENTIFICADOR DE NÚMERO DE CONTROL
campo de control ES-MaACL
007 - CAMPO FIJO DE DESCRIPCIÓN FÍSICA--INFORMACIÓN GENERAL
campo de control de longitud fija t|
008 - DATOS DE LONGITUD FIJA--INFORMACIÓN GENERAL
campo de control de longitud fija 030202s1936 sp ||||1| spa d
100 1# - ENTRADA PRINCIPAL--NOMBRE DE PERSONA
Nombre de persona Bigger, José W.
9 (RLIN) 28835
245 10 - MENCIÓN DEL TÍTULO
Título Manual de bacteriología para estudiantes y médicos /
Mención de responsabilidad, etc. por José W. Bigger ; traducido directamente del inglés por Emilio Zapatero Ballesteros.
260 ## - PUBLICACIÓN, DISTRIBUCIÓN, ETC.
Lugar de publicación, distribución, etc. Barcelona :
Nombre del editor, distribuidor, etc. [s.n.,
Fecha de publicación, distribución, etc. 1936] (
Fabricante La Neotipia)
300 ## - DESCRIPCIÓN FÍSICA
Extensión 474 p. ;
Dimensiones 21 cm.
700 1# - ENTRADA AGREGADA--NOMBRE PERSONAL
Nombre de persona Zapatero Ballesteros, Emilio.
9 (RLIN) 118010
852 ## - LOCALIZACIÓN
Ubicación ES-MaACL
Número de control de estantería E-465
Sublocalización o colección R.18056
Holdings
Estatus retirado Estado de pérdida Estado de daño No para préstamo Biblioteca de origen Biblioteca actual Ubicación en estantería Fecha de adquisición Fuente de adquisición Total de préstamos Signatura topográfica completa Código de barras Visto por última vez Precio de reemplazo Tipo de ítem Koha
        Biblioteca del Ateneo de Madrid Biblioteca del Ateneo de Madrid Depósito 2 17/01/2008     E-465 1034876 23/02/2023 23/02/2023 Libro impreso